[Event "Titled Tuesday intern op 20th Jun Late"]
[Site "Chess.com INT"]
[Date "2023.06.20"]
[Round "6"]
[White "Sun, Rick"]
[Black "Petukhov, Dmitry"]
[Result "1-0"]
[WhiteElo "2139"]
[BlackElo "2350"]
[PlyCount "61"]
[EventDate "2023.06.20"]
[EventType "swiss (blitz)"]
[EventRounds "11"]
[EventCountry "USA"]
[SourceTitle "EXT 2024"]
[Source "ChessBase"]
[SourceDate "2023.10.10"]
[SourceVersion "1"]
[SourceVersionDate "2023.10.10"]
[SourceQuality "1"]

1. e4 c5 2. Nf3 d6 3. d4 cxd4 4. Nxd4 Nf6 5. Nc3 Nc6 6. Bg5 Bd7 7. f3 Rc8 8. Qd2 Qa5 9. Nb3 Qd8 10. 0-0-0 e6 11. g4 Be7 12. h4 0-0 13. h5 Ne5 14. Be2 a5 15. Bf4 a4 16. Nd4 Nc4 17. Bxc4 Rxc4 18. g5 e5 19. gxf6 Bxf6 20. Nde2 exf4 21. Qxd6 a3 22. e5 axb2+ 23. Kb1 Qa5 24. exf6 Be6 25. Rhg1 Ra8 26. Rxg7+ Kh8 27. Rdg1 Rxc3 28. Nxc3 Qxc3 29. Rg8+ Rxg8 30. Rxg8+ Kxg8 31. Qd8# 1-0

[Event "Titled Tuesday intern op 13th Jun Late"]
[Site "Chess.com INT"]
[Date "2023.06.13"]
[Round "9"]
[White "Sun, Rick"]
[Black "Yeritsyan, Hayk"]
[Result "1-0"]
[WhiteElo "2139"]
[BlackElo "2241"]
[PlyCount "81"]
[EventDate "2023.06.13"]
[EventType "swiss (blitz)"]
[EventRounds "11"]
[EventCountry "USA"]
[SourceTitle "EXT 2024"]
[Source "ChessBase"]
[SourceDate "2023.10.10"]
[SourceVersion "1"]
[SourceVersionDate "2023.10.10"]
[SourceQuality "1"]

1. d4 d5 2. Nc3 c6 3. Bf4 Nf6 4. e3 Bf5 5. f3 h6 6. g4 Bh7 7. Bd3 Bxd3 8. Qxd3 e6 9. Nge2 Bd6 10. 0-0-0 Bxf4 11. Nxf4 Nbd7 12. h4 Qc7 13. g5 Ng8 14. g6 Nf8 15. gxf7+ Qxf7 16. Rdg1 0-0-0 17. Rg3 Ne7 18. Rhg1 Nf5 19. Rg4 g5 20. hxg5 hxg5 21. Rxg5 Rh4 22. Nxe6 Nxe6 23. Rxf5 Qh7 24. Re5 Qh6 25. Qf5 Re8 26. Rg6 Rh1+ 27. Nd1 Rxd1+ 28. Kxd1 Qh1+ 29. Kd2 Qh2+ 30. Kc3 Qe2 31. Rgxe6 Qe1+ 32. Kb3 Rd8 33. Re8+ Kc7 34. Rxd8 Kb6 35. Rdxd5 Qe2 36. Qd3 Qe1 37. Rb5+ Kc7 38. Re7+ Kd6 39. Qg6+ Kxe7 40. Rxb7+ Kd8 41. Qg8# 1-0

[Event "Titled Tuesday intern op 30th May Late"]
[Site "Chess.com INT"]
[Date "2023.05.30"]
[Round "3"]
[White "Kamsky, Gata"]
[Black "Sun, Rick"]
[Result "0-1"]
[WhiteElo "2665"]
[BlackElo "2139"]
[PlyCount "94"]
[EventDate "2023.05.30"]
[EventType "swiss (blitz)"]
[EventRounds "11"]
[EventCountry "USA"]
[SourceTitle "CBM 214 Extra"]
[Source "ChessBase"]
[SourceDate "2023.07.31"]
[SourceVersion "1"]
[SourceVersionDate "2023.07.31"]
[SourceQuality "1"]

1. d4 Nf6 2. Bf4 d6 3. h3 g6 4. c3 Bg7 5. Nf3 0-0 6. Nbd2 Nc6 7. e4 Nh5 8. Bg5 h6 9. Be3 e5 10. dxe5 dxe5 11. Bc5 Re8 12. Nc4 Qf6 13. Ne3 Be6 14. Ng4 Bxg4 15. hxg4 Nf4 16. Qb3 b6 17. Be3 Rad8 18. Rd1 Rxd1+ 19. Kxd1 Rd8+ 20. Kc2 Qd6 21. Nd2 Nd3 22. Be2 Na5 23. Qa4 Nxf2 24. b4 Nxh1 25. bxa5 Ng3 26. Bc4 Nxe4 27. Bxf7+ Kxf7 28. Qxe4 Qd5 29. a4 Qa2+ 30. Kd1 Qa1+ 31. Kc2 Qa2+ 32. Kd1 Qd5 33. Kc2 Qxe4+ 34. Nxe4 Rd5 35. a6 Ra5 36. Kb3 Rxa6 37. c4 Ra5 38. Bd2 Ra6 39. Bb4 Bf8 40. Bd2 h5 41. gxh5 gxh5 42. Bc3 Bd6 43. Bd2 Kg6 44. Ng3 h4 45. Nh1 Kf5 46. Nf2 e4 47. Nd1 Bf4 0-1

[Event "Titled Tuesday intern op 30th May Late"]
[Site "Chess.com INT"]
[Date "2023.05.30"]
[Round "9"]
[White "Lazavik, Denis"]
[Black "Sun, Rick"]
[Result "1-0"]
[WhiteElo "2544"]
[BlackElo "2139"]
[PlyCount "75"]
[EventDate "2023.05.30"]
[EventType "swiss (blitz)"]
[EventRounds "11"]
[EventCountry "USA"]
[SourceTitle "CBM 214 Extra"]
[Source "ChessBase"]
[SourceDate "2023.07.31"]
[SourceVersion "1"]
[SourceVersionDate "2023.07.31"]
[SourceQuality "1"]

1. d4 d6 2. Nf3 Nf6 3. c4 g6 4. g3 Bg7 5. Bg2 0-0 6. 0-0 Nc6 7. Nc3 a6 8. h3 Rb8 9. e4 e5 10. d5 Na5 11. Nd2 c5 12. a4 Bd7 13. Qe2 Ne8 14. b3 f5 15. exf5 gxf5 16. Bb2 b5 17. axb5 axb5 18. Nxb5 Bxb5 19. cxb5 e4 20. Bxg7 Nxg7 21. Ra2 Rf7 22. Rfa1 Ra7 23. f3 Nh5 24. Nf1 Qb6 25. fxe4 Ng7 26. Ne3 fxe4 27. Nc4 Nxc4 28. Rxa7 Ne5 29. R1a6 Qxb5 30. Qxb5 Rxb5 31. Rxd6 Nf7 32. Rdd7 Rxb3 33. Rxf7 Nh5 34. Rfc7 Rb8 35. Kh2 e3 36. d6 e2 37. Bd5+ Kh8 38. Rxh7# 1-0

[Event "Titled Tuesday intern op 30th May Late"]
[Site "Chess.com INT"]
[Date "2023.05.30"]
[Round "7"]
[White "Mujumdar, Sameer Suhas"]
[Black "Sun, Rick"]
[Result "0-1"]
[WhiteElo "1992"]
[BlackElo "2139"]
[PlyCount "112"]
[EventDate "2023.05.30"]
[EventType "swiss (blitz)"]
[EventRounds "11"]
[EventCountry "USA"]
[SourceTitle "CBM 214 Extra"]
[Source "ChessBase"]
[SourceDate "2023.07.31"]
[SourceVersion "1"]
[SourceVersionDate "2023.07.31"]
[SourceQuality "1"]

1. d4 d6 2. Nf3 Nf6 3. Bf4 g6 4. Nc3 Bg7 5. Qd2 0-0 6. Bh6 Nc6 7. Bxg7 Kxg7 8. e4 e5 9. 0-0-0 Bg4 10. dxe5 Nxe5 11. Be2 Nxf3 12. gxf3 Bh5 13. h4 Qe7 14. Rhg1 a6 15. Rg5 h6 16. Rg3 b5 17. Nd5 Nxd5 18. Qxd5 Qxh4 19. Rdg1 Rae8 20. Qc6 Qf4+ 21. Kb1 Re5 22. Qxc7 Rc5 23. Qa5 Rfc8 24. Bd1 g5 25. Qe1 Bg6 26. Qe3 Qe5 27. Rh1 d5 28. Rgh3 dxe4 29. Rxh6 exf3 30. Qxf3 Qf5 31. Qxf5 Bxf5 32. Rxa6 Bxc2+ 33. Bxc2 Rxc2 34. Rf1 Re2 35. Rb6 Rc5 36. a3 f6 37. Ka2 Kg6 38. Kb3 Re4 39. Rd1 Rf5 40. Rd2 g4 41. Rc6 Rf3+ 42. Rc3 Rff4 43. Rg3 Kg5 44. Rgd3 f5 45. Rc2 Re5 46. Rdc3 Rfe4 47. Rc5 Rxc5 48. Rxc5 Re2 49. Rc2 Rxc2 50. Kxc2 f4 51. Kd2 Kh4 52. Ke2 Kh3 53. Kf1 Kh2 54. b3 g3 55. fxg3 fxg3 56. Ke2 g2 0-1

[Event "Titled Tuesday intern op 30th May Late"]
[Site "Chess.com INT"]
[Date "2023.05.30"]
[Round "2"]
[White "Sun, Rick"]
[Black "Harriott, Tyrell"]
[Result "1-0"]
[WhiteElo "2139"]
[BlackElo "1889"]
[PlyCount "79"]
[EventDate "2023.05.30"]
[EventType "swiss (blitz)"]
[EventRounds "11"]
[EventCountry "USA"]
[SourceTitle "CBM 214 Extra"]
[Source "ChessBase"]
[SourceDate "2023.07.31"]
[SourceVersion "1"]
[SourceVersionDate "2023.07.31"]
[SourceQuality "1"]

1. d4 e6 2. e4 d5 3. exd5 exd5 4. Nf3 f5 5. Ne5 Nf6 6. Bd3 Nc6 7. c3 Bd6 8. f4 0-0 9. 0-0 Ne4 10. Nd2 Qh4 11. Ndf3 Qh6 12. c4 Ne7 13. c5 Nxc5 14. dxc5 Bxc5+ 15. Kh1 c6 16. Qe2 Ng6 17. Nxg6 hxg6 18. Be3 Bd6 19. Ng5 Bd7 20. Qf2 b6 21. Rae1 Rfe8 22. Bd4 c5 23. Bc3 Bc6 24. Rxe8+ Rxe8 25. Re1 Re4 26. Bxe4 fxe4 27. Bd2 Qh5 28. Qe2 Qh4 29. g3 Qh5 30. Qxh5 gxh5 31. Kg2 Be7 32. Kh3 Bf6 33. Kh4 g6 34. f5 Bxb2 35. fxg6 Bf6 36. Kxh5 Bxg5 37. Bxg5 d4 38. Bh6 Bb5 39. Rxe4 d3 40. Rf4 1-0

[Event "Titled Tuesday intern op 30th May Late"]
[Site "Chess.com INT"]
[Date "2023.05.30"]
[Round "10"]
[White "Sun, Rick"]
[Black "Moral Garcia, Serafin"]
[Result "1-0"]
[WhiteElo "2139"]
[BlackElo "2238"]
[PlyCount "77"]
[EventDate "2023.05.30"]
[EventType "swiss (blitz)"]
[EventRounds "11"]
[EventCountry "USA"]
[SourceTitle "CBM 214 Extra"]
[Source "ChessBase"]
[SourceDate "2023.07.31"]
[SourceVersion "1"]
[SourceVersionDate "2023.07.31"]
[SourceQuality "1"]

1. e4 e5 2. Nf3 Nc6 3. Bb5 a6 4. Ba4 Nf6 5. 0-0 Be7 6. Re1 b5 7. Bb3 d6 8. c3 0-0 9. d4 Bg4 10. Be3 Bh5 11. Nbd2 d5 12. dxe5 Nxe5 13. exd5 Nxd5 14. Bd4 Nxf3+ 15. Nxf3 Nf6 16. Re5 Re8 17. Rxh5 Nxh5 18. Ne5 Nf6 19. Nxf7 Qb8 20. Qf3 Rf8 21. Ne5+ Kh8 22. Qe3 c5 23. Bxc5 Bxc5 24. Qxc5 Qa7 25. Qd6 Rad8 26. Nf7+ Qxf7 27. Qxd8 Rxd8 28. Bxf7 Rd2 29. Bb3 h6 30. Rd1 Rxb2 31. h3 a5 32. Rd8+ Kh7 33. Rb8 a4 34. Bxa4 Rxa2 35. Bxb5 Ne4 36. Bd3 Ra1+ 37. Kh2 Re1 38. Re8 Kg6 39. Rxe4 1-0

[Event "Titled Tuesday intern op 30th May Late"]
[Site "Chess.com INT"]
[Date "2023.05.30"]
[Round "11"]
[White "Sun, Rick"]
[Black "Thorfinnsson, Bragi"]
[Result "1-0"]
[WhiteElo "2139"]
[BlackElo "2431"]
[PlyCount "47"]
[EventDate "2023.05.30"]
[EventType "swiss (blitz)"]
[EventRounds "11"]
[EventCountry "USA"]
[SourceTitle "CBM 214 Extra"]
[Source "ChessBase"]
[SourceDate "2023.07.31"]
[SourceVersion "1"]
[SourceVersionDate "2023.07.31"]
[SourceQuality "1"]

1. d4 Nf6 2. Nc3 d5 3. Bf4 a6 4. e3 e6 5. Nf3 c5 6. dxc5 Bxc5 7. Bd3 Nc6 8. 0-0 b5 9. e4 d4 10. e5 dxc3 11. exf6 cxb2 12. Rb1 gxf6 13. Qe2 Bb7 14. Rxb2 Nd4 15. Nxd4 Qxd4 16. Bxb5+ axb5 17. Qxb5+ Kf8 18. Be3 Qxe3 19. fxe3 Bxe3+ 20. Kh1 Bd5 21. c4 Be4 22. Re1 Rd8 23. Qb4+ Kg7 24. Rxe3 1-0

[Event "Titled Tuesday intern op 23rd May Late"]
[Site "Chess.com INT"]
[Date "2023.05.23"]
[Round "1"]
[White "Ammar, Sedrani"]
[Black "Sun, Rick"]
[Result "0-1"]
[WhiteElo "2197"]
[BlackElo "2139"]
[PlyCount "106"]
[EventDate "2023.05.23"]
[EventType "swiss (blitz)"]
[EventRounds "11"]
[EventCountry "USA"]
[SourceTitle "EXT 2024"]
[Source "ChessBase"]
[SourceDate "2023.10.10"]
[SourceVersion "1"]
[SourceVersionDate "2023.10.10"]
[SourceQuality "1"]

1. c4 d6 2. Nc3 Nf6 3. e4 g6 4. Nf3 Bg7 5. b3 0-0 6. Qc2 Nc6 7. Bb2 Bg4 8. Be2 Qd7 9. 0-0 e5 10. Nd5 Ne7 11. h3 Bxf3 12. Bxf3 c6 13. Nxe7+ Qxe7 14. d4 Rfe8 15. Rfe1 Nd7 16. Rad1 Rad8 17. dxe5 dxe5 18. Rd2 Bh6 19. Rd3 Nc5 20. Rxd8 Rxd8 21. Ba3 Rd4 22. Rd1 b6 23. Rxd4 exd4 24. Qd1 Qe5 25. Bxc5 bxc5 26. g3 Bg7 27. Kg2 h5 28. h4 Bf6 29. Qd3 Kg7 30. Be2 Qe7 31. f4 Qc7 32. e5 Be7 33. Bf3 Qa5 34. Qe2 Qc3 35. Be4 a5 36. Qc2 Qe1 37. Bxc6 Bd8 38. Be4 a4 39. bxa4 Ba5 40. Bd3 Bd2 41. a5 Be3 42. a6 Qg1+ 43. Kf3 Qh1+ 44. Qg2 Qd1+ 45. Qe2 Qa4 46. Qc2 Qxa6 47. Qb3 Qa5 48. e6 Qd2 49. e7 Qe1 50. e8Q Qh1+ 51. Ke2 Qg2+ 52. Ke1 Qd2+ 53. Kf1 Qf2# 0-1

[Event "Titled Tuesday intern op 23rd May Late"]
[Site "Chess.com INT"]
[Date "2023.05.23"]
[Round "11"]
[White "Bruedigam, Martin"]
[Black "Sun, Rick"]
[Result "0-1"]
[WhiteElo "2381"]
[BlackElo "2139"]
[PlyCount "112"]
[EventDate "2023.05.23"]
[EventType "swiss (blitz)"]
[EventRounds "11"]
[EventCountry "USA"]
[SourceTitle "EXT 2024"]
[Source "ChessBase"]
[SourceDate "2023.10.10"]
[SourceVersion "1"]
[SourceVersionDate "2023.10.10"]
[SourceQuality "1"]

1. d4 d6 2. c4 Nf6 3. Nf3 g6 4. Nc3 Bg7 5. Bg5 0-0 6. e3 Nbd7 7. Be2 c5 8. d5 a6 9. 0-0 b5 10. cxb5 Qa5 11. b6 Qxb6 12. Qc2 Rb8 13. Rab1 Re8 14. Nd2 Nf8 15. Nc4 Qc7 16. e4 h6 17. Bd2 g5 18. Rfe1 Ng6 19. Bf1 Nd7 20. Na4 Nde5 21. Ba5 Qd7 22. Nab6 Qg4 23. Kh1 Nf4 24. Nxe5 Bxe5 25. Nc4 Bg7 26. Bc3 Bd7 27. Bxg7 Kxg7 28. Qc3+ f6 29. g3 Ng6 30. Bg2 Ne5 31. Nxe5 fxe5 32. b4 cxb4 33. Rxb4 Rbc8 34. Qb2 Rc7 35. Rb7 Rec8 36. Rxc7 Rxc7 37. Rc1 Rxc1+ 38. Qxc1 Qe2 39. Kg1 Bb5 40. a3 Bd3 41. h3 Bxe4 42. Qc7 Kf7 43. Qb6 Bxg2 44. Kxg2 Qb5 45. Qe3 Qxd5+ 46. Kh2 Qc5 47. Qe2 Ke6 48. Qh5 Qxf2+ 49. Kh1 Qf1+ 50. Kh2 Qf2+ 51. Kh1 Qf6 52. a4 e4 53. a5 Qf3+ 54. Qxf3 exf3 55. Kg1 Ke5 56. Kf2 Ke4 0-1

[Event "Titled Tuesday intern op 23rd May Late"]
[Site "Chess.com INT"]
[Date "2023.05.23"]
[Round "6"]
[White "Cordova, Emilio"]
[Black "Sun, Rick"]
[Result "1-0"]
[WhiteElo "2543"]
[BlackElo "2139"]
[PlyCount "59"]
[EventDate "2023.05.23"]
[EventType "swiss (blitz)"]
[EventRounds "11"]
[EventCountry "USA"]
[SourceTitle "EXT 2024"]
[Source "ChessBase"]
[SourceDate "2023.10.10"]
[SourceVersion "1"]
[SourceVersionDate "2023.10.10"]
[SourceQuality "1"]

1. d4 d6 2. c4 Nf6 3. Nc3 g6 4. Nf3 Bg7 5. g3 0-0 6. Bg2 Nc6 7. 0-0 a6 8. h3 Rb8 9. Be3 b5 10. Nd2 Bd7 11. Rc1 e5 12. dxe5 Nxe5 13. b3 bxc4 14. bxc4 Re8 15. Nd5 c6 16. Nxf6+ Bxf6 17. Ne4 Rb2 18. Qxd6 Re6 19. Qd1 Rxa2 20. Bf4 Be7 21. c5 f5 22. Nd6 g5 23. Be3 f4 24. gxf4 gxf4 25. Bxf4 Ng6 26. Bg3 Rexe2 27. Re1 Rxe1+ 28. Qxe1 Bg5 29. Rb1 Qf8 30. Qc3 1-0